| 000 | 00565nam a2200181 i 4500 | ||
|---|---|---|---|
| 001 | 84305 | ||
| 003 | ES-MaACL | ||
| 005 | 20250926063050.0 | ||
| 007 | t| | ||
| 008 | 041122s1901 xxk ||||1| eng d | ||
| 100 | 1 |
_aJames, William, _d1842-1910 _965978 |
|
| 245 | 1 | 4 |
_aThe principles of Psychologie _b: in two volumes / _cby William James. |
| 260 |
_aLondon : _bMacmillan and CÂș, _c1901 ( _eNew York : _fRobert Drummond) |
||
| 300 |
_a2 v. ; _c23 cm. |
||
| 650 | 0 | 7 |
_aPsicologĂa _2embne _916540 |
| 852 |
_aES-MaACL _jG-11492-93 |
||
| 999 |
_c84305 _d84305 |
||